Štatistické metódy pre ekonómov zbierka príkladov
Saved in:
| Main Author: | |
|---|---|
| Other Authors: | , , , , , |
| Format: | Book |
| Language: | Slovak |
| Published: |
Bratislava
Wolters Kluwer
2018
|
| Edition: | 2. doplnené a prepracované vydanie |
| Series: | Ekonómia
|
| Subjects: | |
| Tags: |
No Tags, Be the first to tag this record!
|
MARC
| LEADER | 00000nam a2200000 4500 | ||
|---|---|---|---|
| 001 | 0240922 | ||
| 005 | 20240502073924.8 | ||
| 020 | |a 978-80-8168-767-9 | ||
| 041 | 0 | |a slo | |
| 044 | |a SK | ||
| 245 | 1 | 0 | |a Štatistické metódy pre ekonómov |b zbierka príkladov |c Erik Šoltés a kolektív ; recenzovali: Eva Sodomová, Soňa Coss |
| 250 | |a 2. doplnené a prepracované vydanie | ||
| 264 | 1 | |a Bratislava |b Wolters Kluwer |c 2018 | |
| 300 | |a 362 s. [15,6 AH] | ||
| 490 | 1 | |a Ekonómia | |
| 830 | 0 | |a Ekonómia | |
| 610 | 2 | 0 | |a metódy štatistické |
| 610 | 2 | 0 | |a teória štatistiky |
| 610 | 2 | 0 | |a teória pravdepodobnosti |
| 610 | 2 | 0 | |a indukcia štatistická |
| 610 | 2 | 0 | |a závislosť štatistická |
| 610 | 2 | 0 | |a analýza regresná |
| 610 | 2 | 0 | |a analýza korelačná |
| 610 | 2 | 0 | |a rady časové |
| 610 | 2 | 0 | |a tabuľky štatistické |
| 100 | 1 | |a Šoltés, Erik, 1974- | |
| 700 | 1 | |a Kotlebová, Eva | |
| 700 | 1 | |a Labudová, Viera, 1958- | |
| 700 | 1 | |a Sipková, Ľubica, 1962- | |
| 700 | 1 | |a Vojtková, Mária, 1966- | |
| 700 | 1 | |a Sodomová, Eva | |
| 700 | 1 | |a Coss, Soňa | |